Лекции по античной философии (Запись № 1405928)

Подробности
000 -МАРКЕР
контрольное поле 02798nam0a2200445 4500
001 - ИДЕНТИФИКАТОР ЗАПИСИ
контрольное поле RU\NLR\bibl\1439697
005 - ИДЕНТИФИКАТОР ВЕРСИИ
контрольное поле 20260607064000.0
010 ## - МЕЖДУНАРОДНЫЙ СТАНДАРТНЫЙ НОМЕР КНИГИ (ISBN)
Номер (ISBN) 978-5-89826-321-7
Тираж 1500
021 ## - НОМЕР ГОСУДАРСТВЕННОЙ РЕГИСТРАЦИИ
Код страны Российская Федерация
Номер 2009-77122
Номер Листа государственной регистраци 4828
035 ## - ДРУГИЕ СИСТЕМНЫЕ НОМЕРА
Идентификатор записи (nilc)RSL-KNO-004388501
035 ## - ДРУГИЕ СИСТЕМНЫЕ НОМЕРА
Идентификатор записи (NLR Aleph) 001431557
100 ## - ДАННЫЕ ОБЩЕЙ ОБРАБОТКИ
Данные общей обработки 20090918d2009 |||y0rusy50 ca
101 0# - ЯЗЫК РЕСУРСА
Язык текста, звукозаписи и т.д. русский
102 ## - СТРАНА ПУБЛИКАЦИИ ИЛИ ПРОИЗВОДСТВА
Страна публикации Российская Федерация
105 ## - ПОЛЕ КОДИРОВАННЫХ ДАННЫХ: ТЕКСТОВЫЕ МАТЕРИАЛЫ, МОНОГРАФИЧЕСКИЕ
Кодированные данные о монографическом текстовом документе y |||||||||
200 1# - ЗАГЛАВИЕ И СВЕДЕНИЯ ОБ ОТВЕТСТВЕННОСТИ
Основное заглавие Лекции по античной философии
Параллельное заглавие Lectures on ancient philosophy
Первые сведения об ответственности Мераб Мамардашвили
Последующие сведения об ответственности Российская акад. наук, Ин-т философии
Язык параллельного заглавия английский
205 ## - СВЕДЕНИЯ ОБ ИЗДАНИИ
Сведения об издании [Доп. и испр. изд.]
210 ## - ПУБЛИКАЦИЯ, РАСПРОСТРАНЕНИЕ И ДР.
Место издания, распространения и т.д. Москва
Имя издателя, распространителя и т. д. Прогресс-Традиция
-- Фонд Мераба Мамардашвили
Дата издания, распространения и т.д. 2009
215 ## - ФИЗИЧЕСКАЯ ХАРАКТЕРИСТИКА
Специфическое обозначение материала и объем 246, [1] с.
Другие сведения о физической характеристике ил.
Размеры 22
Сопроводительный материал 1 электр.-опт. диск (CD-ROM)
300 ## - ОБЩИЕ ПРИМЕЧАНИЯ
Текст примечания Авт. также на англ. яз.: Merab Mamardashvili
309 ## - ПРИМЕЧАНИЯ ОБ ОСНОВНОМ ИСТОЧНИКЕ ИНФОРМАЦИИ И ОБ ОСОБЕННОСТЯХ ПОЛИГРАФИЧЕСКОГО ОФОРМЛЕНИЯ ИЗДАНИЯ
Текст примечания На авантит.: Кн. 8
320 ## - ПРИМЕЧАНИЯ О НАЛИЧИИ В ДОКУМЕНТЕ БИБЛИОГРАФИИ / УКАЗАТЕЛЯ
Текст примечания Библиогр. в подстроч. примеч.
320 ## - ПРИМЕЧАНИЯ О НАЛИЧИИ В ДОКУМЕНТЕ БИБЛИОГРАФИИ / УКАЗАТЕЛЯ
Текст примечания Имен. указ.: с. 246-247
327 1# - ПРИМЕЧАНИЯ О СОДЕРЖАНИИ
Текст примечания В кн. также: Памяти Мераба / Эрнст Неизвестный. Беседа с В.А. Бондаревым об Эрнсте Неизвестном / М.К. Мамардашвили
464 #0 - АНАЛИТИЧЕСКИЙ УРОВЕНЬ
Встроенное поле 2001#$aПамяти Мераба
-- 700#1$3RU\NLR\auth\77259$aНеизвестный$bЭ. И.$f1925-2016$gЭрнст Иосифович$4070
Заглавие Памяти Мераба
Автор Неизвестный, Эрнст Иосифович (1925-2016)
464 #0 - АНАЛИТИЧЕСКИЙ УРОВЕНЬ
Встроенное поле 2001#$aБеседа с В.А. Бондаревым об Эрнсте Неизвестном
-- 700#1$3RU\NLR\auth\7722646$aМамардашвили$bМ. К.$f1930-1990$gМераб Константинович$4070
-- 701#1$3RU\NLR\auth\7775198$aБондарев$bА. В.$f1958-$gАлексей Викторович$4070
Заглавие Беседа с В.А. Бондаревым об Эрнсте Неизвестном
Автор Мамардашвили, Мераб Константинович (1930-1990)
510 0# - ПАРАЛЛЕЛЬНОЕ ЗАГЛАВИЕ
Связь между полями z22790
Параллельное заглавие Lectures on ancient philosophy
Язык заглавия английский
606 1# - НАИМЕНОВАНИЕ ТЕМЫ КАК ПРЕДМЕТ
Наименование темы Философия античная
Формальный подзаголовок Лекции, доклады и т.п
Тематический подзаголовок История
Системный номер авторитетной/нормативной записи 2098323
Идентификатор авторитетной/нормативной записи RU\NLR\auth\661269363
686 ## - ИНДЕКСЫ ДРУГИХ КЛАССИФИКАЦИЙ
Индекс Ю3(0)32я73-2
Код системы
686 ## - ИНДЕКСЫ ДРУГИХ КЛАССИФИКАЦИЙ
Индекс Ю3(0)32я73
686 ## - ИНДЕКСЫ ДРУГИХ КЛАССИФИКАЦИЙ
Индекс Ю3(2=Гр)7
700 #1 - ИМЯ ЛИЦА - ПЕРВИЧНАЯ ОТВЕТСТВЕННОСТЬ
Код отношения Автор
Графика поля Кириллица
Материалы, к которым относится поле rus
Начальный элемент ввода Мамардашвили
Часть имени, кроме начального элемента ввода М. К.
Даты 1930-1990
Расширение инициалов личного имени Мераб Константинович
Системный номер авторитетной/нормативной записи 5703
Идентификатор авторитетной/нормативной записи RU\NLR\auth\7722646
790 #1 - ИМЯ ЛИЦА - АЛЬТЕРНАТИВНАЯ ФОРМА
Код отношения Автор
Графика поля Латинская
Материалы, к которым относится поле rus
Начальный элемент ввода Mamardašvili
Часть имени, кроме начального элемента ввода M. K.
Даты 1930-1990
Расширение инициалов личного имени Merab Konstantinovič
Системный номер авторитетной/нормативной записи 5709
Идентификатор авторитетной/нормативной записи RU\NLR\auth\7722652
801 #0 - ИСТОЧНИК ЗАПИСИ
Страна Российская Федерация
Организация РКП
Дата составления 20090918
Правила каталогизации rcr
801 #1 - ИСТОЧНИК ЗАПИСИ
Страна Российская Федерация
Организация РГБ
Дата составления 20090918
801 #2 - ИСТОЧНИК ЗАПИСИ
Страна Российская Федерация
Организация NLR
Дата составления 20091117
Правила каталогизации rcr
942 ## - ДОПОЛНИТЕЛЬНЫЕ ЭЛЕМЕНТЫ ЗАПИСИ (АБИС)
Тип экземпляра АБИС Книга
980 ## - КОЛЛЕКЦИЯ
Название коллекции Национальная библиография
Экземпляры
Тип экземпляра Дата поступления Источник поступления Библиотека постоянного хранения Библиотека текущего хранения Место хранения Шифр хранения Штрих-код Статус экземпляра
Книга 17.11.2009 Обязательный экземпляр РНБ (Московский) РНБ (Московский) Русский книжный фонд: издания с 1957 года 2009-5/10133 1-438877  
Книга 17.11.2009 Обязательный экземпляр РНБ (Московский) РНБ (Московский) Русский книжный фонд: издания с 1957 года 2009-5/10133 1-494363